Country Wordfinder #1 - Statistics

General Stats
  • This quiz has been taken 39 times
    38 since last reset
  • The average score is 10 of 15
Answer Stats
Answer % Correct
China
91%
Somalia
91%
Burkina Faso
85%
Italy
85%
Canada
79%
Sweden
79%
Belarus
76%
Peru
76%
Benin
73%
Tonga
70%
Chad
55%
Netherlands
52%
Mexico
39%
France
33%
Argentina
27%
No matching quizzes found
Score Distribution
Percent of People with Each Score
Percentile by Number Answered
Your Score History
You have not taken this quiz since the last reset